Lentokenttäkoodeja #1 - Statistics

Yleistilastot
  • Tätä visaa on pelattu 153 kertaa
  • Keskiarvotulos 15 / 32
Vastaustilastot
koodi kaupunki % Oikein
AMS Amsterdam
94%
MAD Madrid
94%
SYD Sydney
92%
SEA Seattle
88%
LAX Los Angeles
87%
PEK Peking
86%
DUB Dublin
84%
JFK New York
84%
LHR Lontoo
67%
CPH Kööpenhamina
64%
CDG Pariisi
61%
MAN Manchester
60%
BKK Bangkok
58%
SFO San Francisco
55%
MNL Manila
54%
NRT Tokio
48%
FCO Rooma
45%
CAI Kairo
39%
PER Perth
38%
ORD Chicago
32%
YYZ Toronto
28%
CUN Cancún
27%
HNL Honolulu
25%
AKL Auckland
24%
CPT Kapkaupunki
23%
BOM Mumbai
20%
NBO Nairobi
18%
YVR Vancouver
16%
GIG Rio de Janeiro
13%
BHX Birmingham
7%
FLL Fort Lauderdale
6%
SGN Hồ Chí Minh
5%
Ehtoja vastaavia visoja ei löytynyt
Tulosjakauma
Jokaisen tuloksen saaneiden osuus
Persentiili vastausten määrän mukaan
Tuloshistoriasi
Et ole pelannut tätä visaa